| 000 | 00359nam a2200145Ia 4500 | ||
|---|---|---|---|
| 008 | 230917s9999||||xx |||||||||||||| ||und|| | ||
| 040 |
_e109607 _aMAIN |
||
| 041 | _aEnglish | ||
| 082 | _a320.509 C394 A | ||
| 100 | _aChauhan, Ghanshyam | ||
| 245 | 0 | _aAntorrastriya rajnitik vicharak | |
| 260 |
_aNew Delhi _bSumit _c2005 |
||
| 300 | _a343p p. | ||
| 942 | _cBK | ||
| 999 |
_c130647 _d130647 |
||